Beginning lessons in english / (Record no. 1073)
[ view plain ]
| 000 -CABECERA | |
|---|---|
| campo de control de longitud fija | 00725cam a2200205 a 4500 |
| 001 - NÚMERO DE CONTROL | |
| campo de control | 000001115 |
| 005 - FECHA Y HORA DE LA ÚLTIMA TRANSACCIÓN | |
| campo de control | 20200929145459.0 |
| 008 - DATOS DE LONGITUD FIJA--INFORMACIÓN GENERAL | |
| campo de control de longitud fija | 720202s1971 xxua 000 0 eng |
| 040 ## - FUENTE DE LA CATALOGACIÓN | |
| Centro catalogador/agencia de origen | DO-SdBNP |
| Lengua de catalogación | spa |
| Centro/agencia transcriptor | BNPHU |
| 082 ## - NÚMERO DE LA CLASIFICACIÓN DECIMAL DEWEY | |
| Número de clasificación | 428.24 |
| Número de documento/Ítem | F533b |
| 100 1# - ENTRADA PRINCIPAL--NOMBRE DE PERSONA | |
| Nombre de persona | Fisher, Isobel Yealy |
| 9 (RLIN) | 3821 |
| 245 10 - MENCIÓN DE TÍTULO | |
| Título | Beginning lessons in english / |
| Mención de responsabilidad, etc. | Isobel Yealy Fisher y Robert J. Dixson. |
| 260 ## - PUBLICACIÓN, DISTRIBUCIÓN, ETC. | |
| Lugar de publicación, distribución, etc. | United States : |
| Nombre del editor, distribuidor, etc. | Regents Publishing, |
| Fecha de publicación, distribución, etc. | 1971. |
| 300 ## - DESCRIPCIÓN FÍSICA | |
| Extensión | 197 p. : |
| Otras características físicas | il. ; |
| Dimensiones | 22 cm. |
| 650 #4 - PUNTO DE ACCESO ADICIONAL DE MATERIA--TÉRMINO DE MATERIA | |
| Término de materia o nombre geográfico como elemento de entrada | Inglés |
| Subdivisión general | Gramática |
| 9 (RLIN) | 3822 |
| 650 #4 - PUNTO DE ACCESO ADICIONAL DE MATERIA--TÉRMINO DE MATERIA | |
| Término de materia o nombre geográfico como elemento de entrada | Inglés |
| Subdivisión general | Ejercicios de redacción |
| 9 (RLIN) | 3823 |
| 650 #4 - PUNTO DE ACCESO ADICIONAL DE MATERIA--TÉRMINO DE MATERIA | |
| Término de materia o nombre geográfico como elemento de entrada | Lingüística |
| Subdivisión geográfica | Estados Unidos |
| Subdivisión general | Gramática |
| 9 (RLIN) | 3824 |
| 650 #4 - PUNTO DE ACCESO ADICIONAL DE MATERIA--TÉRMINO DE MATERIA | |
| Término de materia o nombre geográfico como elemento de entrada | Lingüística |
| Subdivisión general | Problemas, ejercicios, etc. |
| 9 (RLIN) | 3825 |
| 700 1# - PUNTO DE ACCESO ADICIONAL--NOMBRE DE PERSONA | |
| Nombre de persona | Dixson, Robert James |
| 9 (RLIN) | 3826 |
| Estado de retiro | Estado de pérdida | No para préstamo | Código de colección | Localización permanente | Ubicación/localización actual | Ubicación en estantería | Fecha de adquisición | Número de inventario | Total de préstamos | Signatura topográfica completa | Código de barras | Fecha visto por última vez | Número de copia | Precio válido a partir de | Tipo de ítem Koha | Fuente de adquisición |
|---|---|---|---|---|---|---|---|---|---|---|---|---|---|---|---|---|
| Extraviado | Préstamo en sala | Dominicana de Servicio | Biblioteca Nacional Pedro Henríquez Ureña | Biblioteca Nacional Pedro Henríquez Ureña | Extraviado | 19.05.2017 | LF1 | 428.24 F533b | 1115-20 | 25.06.2020 | e. 2 | 25.06.2020 | Libros y folletos | |||
| Préstamo en sala | Dominicana de Servicio | Biblioteca Nacional Pedro Henríquez Ureña | Biblioteca Nacional Pedro Henríquez Ureña | Depósito | 23.07.2009 | LF1 | 428.24 F533b | 1115-10 | 25.06.2020 | 25.06.2020 | Libros y folletos | 002344 |
